01227cam a2200313 i 4500001001300000003000600013005001700019008004100036035002100077035002400098040004700122100003500169245015000204250003100354260006100385300004200446336002700488337005400515338002800569500007500597650002000672650002000692650003000712650003000742650003000772650002000802651005400822700003700876zz2007981923NUKAT20260425222235.0070131s1909 pl a |000 0 pol c a(OCoLC)749574205 a(NUKAT)zz2007981923 aWA U/76MPcWA U/MPdWA U/76DPdKR 295/MAGs1 aMerczyng, Henrykd(1860-1916).10aEtnograficzno-statystyczny zarys liczebności i rozsiedlenia ludności polskiej /coprac. Edward Czyński ; przy współpracy T. Tillingera. aWyd. 2., uzup. i rozszerz. aWarszawa :b[s.n.],c1909e(Warszawa :fPiotr Laskauer). a115 s., [6] s. map złoż. ;c28 cm. aTekstbtxt2rdacontent aBez urządzenia pośredniczącegobn2rdamedia aWoluminbnc2rdacarrier aNa s. tyt. pseud. aut.: Edward Czyński, nazwa aut.: Henryk Merczyng. 7aDemografia2DBN 7aEtnografia2DBN 7aGeografia ludności2DBN 7aGeografia osadnictwa2DBN 7aGeografia społeczna2DBN 7aStatystyka2DBN 7aPolskaxludnośćy1870-1914vstatystyki.2kaba1 aTillinger, Tadeuszd(1879-1955).